|
|
|
|
| LEADER |
02176nim a2200589 i 4500 |
| 001 |
001527243 |
| 003 |
CZ BrMZK |
| 005 |
20160531070849.0 |
| 007 |
sd fungnnmmned |
| 008 |
160519t20162016xr ||nne f n cze |
| 015 |
|
|
|a cnb002798356
|
| 024 |
3 |
|
|a 8594050422025
|
| 040 |
|
|
|a BOA001
|b cze
|e rda
|
| 041 |
1 |
|
|d cze
|h fin
|
| 072 |
|
7 |
|a 821.51
|x Uraloaltajské literatury
|2 Konspekt
|9 25
|
| 080 |
|
|
|a 821.511.111-31
|2 MRF
|
| 080 |
|
|
|a (0:82-312.4)
|2 MRF
|
| 080 |
|
|
|a (0:82-311.5)
|2 MRF
|
| 080 |
|
|
|a (086.7)08
|2 MRF
|
| 080 |
|
|
|a (086.76)
|2 MRF
|
| 100 |
1 |
|
|a Lindgren, Minna,
|d 1963-
|7 osa2015886487
|4 aut
|
| 240 |
1 |
0 |
|a Kuolema ehtoolehdossa.
|l Česky
|
| 245 |
1 |
0 |
|a Babičky: mrtvý kuchař :
|b Siiri, Irma a Anna-Liisa na stopě /
|c Minna Lindgrenová ; z finského originálu Kuolema Ehtoolehdossa přeložil Vladimír Piskoř
|
| 246 |
3 |
0 |
|a Mrtvý kuchař
|
| 246 |
3 |
0 |
|a Siiri, Irma, a Anna-Liisa na stopě
|
| 264 |
|
1 |
|a Praha :
|b XYZ,
|c [2016]
|
| 264 |
|
4 |
|c ℗2016
|
| 300 |
|
|
|a 1 audiodisk (10 hod., 37 min.) ;
|c 12 cm
|
| 306 |
|
|
|a 103700
|
| 336 |
|
|
|a mluvené slovo
|b spw
|2 rdacontent
|
| 337 |
|
|
|a audio
|b s
|2 rdamedia
|
| 338 |
|
|
|a audiodisk
|b sd
|2 rdacarrier
|
| 344 |
|
|
|a digital
|b optical
|2 rda
|
| 347 |
|
|
|a audio soubor
|b MP3
|2 rda
|
| 500 |
|
|
|a Název z disku
|
| 500 |
|
|
|a "Brilantní finská varianta na slečnu Marplovou"--Pouzdro
|
| 500 |
|
|
|a Fonogram Albatros Media a.s.
|
| 500 |
|
|
|a Podle stejnojmenné knihy vydané nakladatelstvím XYZ v roce 2015
|
| 500 |
|
|
|a Nezkrácená verze
|
| 511 |
0 |
|
|a Čte Daniela Bartáková
|
| 518 |
|
|
|a Natočeno ve studiu Chevaliere
|
| 655 |
|
7 |
|a finské romány
|7 fd132268
|2 czenas
|
| 655 |
|
7 |
|a detektivní romány
|7 fd132010
|2 czenas
|
| 655 |
|
7 |
|a humoristické romány
|7 fd132431
|2 czenas
|
| 655 |
|
7 |
|a audioknihy
|7 fd119452
|2 czenas
|
| 655 |
|
7 |
|a kompaktní disky
|7 fd201991
|2 czenas
|
| 700 |
1 |
|
|a Piskoř, Vladimír,
|d 1960-
|7 jn20001005467
|4 trl
|
| 700 |
1 |
|
|a Bartáková, Daniela,
|d 1948-
|7 jx20051216001
|4 stl
|
| 910 |
|
|
|a BOA001
|b CDR-1368.760
|
| 990 |
|
|
|a AV
|
| 991 |
|
|
|b 201605
|c NOV
|
| 996 |
6 |
|
|b 2610671157
|c CDR-1368.760
|l MZK
|r Sklad / do 24 hodin
|n 0
|p p.v.
|w 001562583
|u 000010
|a 1
|e BOA001
|j MZK50
|s P
|